000 00407nam a2200181Ia 4500
001 10229
003 GE_BSU
008 181216s||||||||xx |||||||||||||| ||und||
040 _cGE_BSU
245 _aLe Point №2177. 5 juin 2014.
245 _b№2177.
245 _cl'editorial de Franz-Olivier Giesbert
260 _aParis
260 _c2013
300 _a98p.27cm.
653 _aLe Point
942 _cCR
999 _c43498
_d43498